00310pab a2200121 454500008004000000100001600040245003500056260000900091300000900100650001800109700001500127773004600142180718b1988 xxu||||| |||| 00| 0 eng d aJoshi, G.P. aBank frauds in India - a study c1988 a1-20 aBanks - India aN.P. Gupta aPolice Research and Development Quarter 1